Biblioteca y Centro de Documentación

Mujer y discapacidad en el medio rural (Registro nro. 49063)

Detalles MARC
000 -CABECERA
Longitud fija campo de control 01398naa a2200349 c 4500
001 - NÚMERO DE CONTROL
Número de control 49063
003 - IDENTIFICADOR DE NÚMERO DE CONTROL
Identificador del número de control ES-MaCES
005 - FECHA Y HORA DE LA ÚLTIMA TRANSACCIÓN
Fecha y hora de la última transacción 20170322123228.0
008 - CAMPO FIJO DE DESCRIPCIÓN FIJA--INFORMACIÓN GENERAL
Códigos de información de longitud fija   170322s2016 sp ||||| t||||||| ||spa d
040 ## - FUENTE DE CATALOGACIÓN
Centro catalogador de origen ES-MaCES
Lengua de catalogación spa
Centro transcriptor ES-MaCES
Centro modificado ES-MaCES
100 1# - ENCABEZAMIENTO PRINCIPAL--NOMBRE PERSONAL
9 (RLIN) 37941
Nombre de persona Cazorla González, María José
245 10 - MENCIÓN DE TÍTULO
Título Mujer y discapacidad en el medio rural
Resto del título : una aproximación a la realidad jurídica del siglo XXI
Mención de responsabilidad, etc. María José Cazorla González, Nuria Martínez Sánchez
500 ## - NOTA GENERAL
Nota general Resumen
650 #4 - ASIENTO SECUNDARIO DE MATERIA--TÉRMINO DE MATERIA
9 (RLIN) 29429
Término de materia o nombre geográfico como elemento inicial mujeres rurales
650 #4 - ASIENTO SECUNDARIO DE MATERIA--TÉRMINO DE MATERIA
9 (RLIN) 28605
Término de materia o nombre geográfico como elemento inicial zona rural
650 #4 - ASIENTO SECUNDARIO DE MATERIA--TÉRMINO DE MATERIA
9 (RLIN) 28445
Término de materia o nombre geográfico como elemento inicial trabajador rural
650 #4 - ASIENTO SECUNDARIO DE MATERIA--TÉRMINO DE MATERIA
9 (RLIN) 28413
Término de materia o nombre geográfico como elemento inicial trabajadora
650 #4 - ASIENTO SECUNDARIO DE MATERIA--TÉRMINO DE MATERIA
9 (RLIN) 28292
Término de materia o nombre geográfico como elemento inicial mercado de trabajo
650 #4 - ASIENTO SECUNDARIO DE MATERIA--TÉRMINO DE MATERIA
9 (RLIN) 29521
Término de materia o nombre geográfico como elemento inicial discriminación por razones de sexo
650 #4 - ASIENTO SECUNDARIO DE MATERIA--TÉRMINO DE MATERIA
9 (RLIN) 29672
Término de materia o nombre geográfico como elemento inicial discriminación contra personas con discapacidad
650 #4 - ASIENTO SECUNDARIO DE MATERIA--TÉRMINO DE MATERIA
9 (RLIN) 29762
Término de materia o nombre geográfico como elemento inicial desigualdad rural-urbana
650 #4 - ASIENTO SECUNDARIO DE MATERIA--TÉRMINO DE MATERIA
9 (RLIN) 30147
Término de materia o nombre geográfico como elemento inicial igualdad de trato
650 #4 - ASIENTO SECUNDARIO DE MATERIA--TÉRMINO DE MATERIA
9 (RLIN) 27029
Término de materia o nombre geográfico como elemento inicial política social
650 #4 - ASIENTO SECUNDARIO DE MATERIA--TÉRMINO DE MATERIA
9 (RLIN) 30329
Término de materia o nombre geográfico como elemento inicial política familiar
650 #4 - ASIENTO SECUNDARIO DE MATERIA--TÉRMINO DE MATERIA
9 (RLIN) 27283
Término de materia o nombre geográfico como elemento inicial integración social
650 #4 - ASIENTO SECUNDARIO DE MATERIA--TÉRMINO DE MATERIA
9 (RLIN) 29894
Término de materia o nombre geográfico como elemento inicial régimen jurídico
653 10 - TÉRMINO DE INDEXACIÓN--NO CONTROLADO
Término no controlado Mujer
700 1# - ENCABEZAMIENTO SECUNDARIO--NOMBRE PERSONAL
9 (RLIN) 37942
Nombre de persona Martínez Sánchez, Nuria
773 0# - ENTRADA DE DOCUMENTO FUENTE
Itemnumber del ítem fuente 85839
Lugar, editor y fecha de publicación Madrid (Ayala, 20, 28001) EDIASA
Otro identificador del documento 088737
Título Revista de derecho agrario y alimentario
Número de control del registro relacionado (ES-MaCES)25431
Parte(s) relacionada(s) año 32, n. 69 (jul.-dic. 2016) {10422 R. 088737} ;p. 51-71
902 ## - CES. TIPO DE DOCUMENTO
Tipodoc (006$c Sirtex) ART Artículo de revista
942 ## - ELEMENTOS KOHA
Fuente de clasificaión o esquema Clasificación propia del CES
Koha [por defecto] tipo de item Artículos (1982-2017)
Parte de clasificación Asuntos Sociales

No hay ítems disponibles.

© CES, Consejo Económico y Social de España 2021